00640 2200181 4500001002100000005001500021035002000036007000300056008003900059082001200098084001800110100002700128245016300155260007100318300004500389650001100434022001300445INLIS00000000000064520240801030521 a0010-0824000010ta240801 | | |  a630.205 a630.205 GEO e0 aGeomar Vallejos-Torres1 aEffects of arbuscular mycorrhizal fungi, poultry manure compost, and cadmium on plant growth and nutrient absorption of Oryza sativa /cGeomar Vallejos-Torres aChile, Chillán :bChilean Journal of Agricultural Research,c2023 a656-665 hlm, :bilus, ;c21 cm X 29,5 cm 4aJurnal a07185820